Detalles MARC
| 000 -CABECERA |
| fixed length control field |
01154aam a2200325 a 4500 |
| 003 - CONTROL NUMBER IDENTIFIER |
| control field |
AR-BeUNQ |
| 005 - FECHA Y HORA DE LA ULTIMA TRANSACCION |
| control field |
20240625183319.0 |
| 007 - CAMPO FIJO DE DESCRIPCION FIJA - INFORMACION GENERAL |
| fixed length control field |
ta |
| 008 - ELEMENTOS DE LONGITUD FIJA-INFORMACION GENERAL |
| fixed length control field |
240624s2017 sp gr 001 0 spa |
| 020 ## - NUMERO INTERNACIONAL NORMALIZADO PARA LIBROS |
| Número Internacional Normalizado del libro |
9788425439650 |
| 040 ## - FUENTE DE CATALOGACION |
| Agencia de catalogación original |
AR-BaBN |
| Idioma de catalogación |
ESPAÑOL |
| Agencia que realiza la transcripción |
AR-BaBN |
| Convenciones de la descripción |
aacr |
| Agencia que realiza la modificación |
AR-BeUNQ |
| 041 1# - CODIGO DE IDIOMA |
| Código de idioma para texto/pista de sonido |
ESPAÑOL |
| Código de idioma original |
ALEMAN |
| 100 1# - ASIENTO PRINCIPAL-NOMBRE PERSONAL |
| Nombre personal |
Han, Byung-Chul, |
| Fecha asociada al nombre |
1959- |
| 245 13 - MENCION DE TITULO |
| Título |
La expulsión de lo distinto : |
| Otra información sobre el título |
percepción y comunicación en la sociedad actual / |
| Mención de responsabilidad, etc |
Byung-Chul Han ; traducción de Alberto Ciria. |
| 250 ## - MENCION DE EDICION |
| Mención de edición |
1a ed., 1a impresión hecha en la Argentina. |
| 260 ## - PUBLICACION, DISTRIBUCION, ETC. |
| Lugar de publicación, distribución, etc. |
Barcelona : |
| Nombre del editor, distribuidor, etc. |
Herder, |
| Fecha de publicación, distribución, etc |
2017. |
| 300 ## - DESCRIPCION FISICA |
| Extensión |
123 p. ; |
| Dimensiones |
20 cm. |
| 490 0# - MENCION DE SERIE |
| Mención de serie |
Pensamiento Herder / dirigida por Manuel Cruz |
| 500 ## - NOTA GENERAL |
| Nota general |
Título original: Die Austreibung des Anderen. |
| 650 #7 - ASIENTO SECUNDARIO DE MATERIA - TERMINO TEMATICO |
| Término temático o nombre geográfico como elemento de entrada |
Alienación |
| Fuente del encabezamiento o términ |
toit |
| 650 #7 - ASIENTO SECUNDARIO DE MATERIA - TERMINO TEMATICO |
| Término temático o nombre geográfico como elemento de entrada |
Sociedad |
| Fuente del encabezamiento o términ |
toit |
| 651 #7 - ASIENTO SECUNDARIO DE MATERIA - NOMBRE GEOGRAFICO |
| Nombre geográfico |
Conflictos sociales |
| Fuente del encabezamiento o término |
spines |
| 651 #7 - ASIENTO SECUNDARIO DE MATERIA - NOMBRE GEOGRAFICO |
| Nombre geográfico |
Globalización |
| Fuente del encabezamiento o término |
spines |
| 651 #7 - ASIENTO SECUNDARIO DE MATERIA - NOMBRE GEOGRAFICO |
| Nombre geográfico |
Terrorismo |
| Fuente del encabezamiento o término |
spines |
| 700 1# - ASIENTO SECUNDARIO - NOMBRE DE PERSONA |
| Personal name |
Ciria, Alberto, |
| Dates associated with a name |
1967- |
| Relator term |
tr. |
| 700 1# - ASIENTO SECUNDARIO - NOMBRE DE PERSONA |
| Personal name |
Cruz, Manuel, |
| Dates associated with a name |
1951- |
| Relator term |
dir. |
| 929 ## - DATOS DE ADQUISICION |
| Procedencia |
COMPRA |
| Proveedor |
Cúspide Libros S. A. |
| Orden de compra |
Exp. 827-2000/2023 |
| Precio |
6120 |
| Fecha de recibido |
20231213 |
| Patrimonio UNQ |
PAT0081056 |
| Es copia |
1 |
| Número de inventario |
62235 |
| 942 ## - ELEMENTOS DE PUNTO DE ACCESO ADICIONAL (KOHA) |
| Tipo de ítem Koha |
Libros |